Dictionary of the modern politics of South-East Asia.
| Main Author: | |
|---|---|
| Format: | Book |
| Published: |
London:
Routledge,
1995.
|
| Subjects: |
| LEADER | 00525cam a2200181 7i4500 | ||
|---|---|---|---|
| 001 | 0000004013 | ||
| 005 | 19991025090000.0 | ||
| 002 | ##000005456 | ||
| 020 | 0 | 0 | |a 0-415-12794-7 |
| 090 | 0 | 0 | |a B 320.03 |b LEI |
| 100 | 0 | 0 | |a Leifer, Michael |
| 245 | 0 | 0 | |a Dictionary of the modern politics of South-East Asia. |
| 260 | 0 | 0 | |a London: |b Routledge, |c 1995. |
| 300 | 0 | 0 | |a 271 p.. |
| 650 | 0 | 0 | |a Encyclopedia and dictionaries |
| 650 | 0 | 0 | |a Political science |
| 651 | 0 | 0 | |a South-East Asia |
| 999 | |a 0000006279 |b Book |c Open shelf |e Business Information Centre | ||


